| 000 | 00597nam a2200193Ia 4500 | ||
|---|---|---|---|
| 003 | GCL | ||
| 008 | 140319s9999 xx 000 0 ara d | ||
| 040 |
_aGCL / _cGCL |
||
| 082 | 0 | 4 |
_a889 _bب ح |
| 100 | 1 | _aبعض الكتاب اليونانين المعاصرين | |
| 245 | 1 | 0 |
_aحلم فتاة قصص من اليونان الحديثة / _cبعض الكتاب اليونانين المعاصرين |
| 300 | _a160 ص | ||
| 490 | _a | ||
| 650 | 0 | 4 | _aالادب اليونانى |
| 650 | 0 | 4 | _aالادب |
| 650 | 0 | 4 | _aالقصص |
| 650 | 0 | 4 | _aالقصص اليونانية |
| 942 |
_2ddc _cBK |
||
| 999 |
_c40355 _d40355 |
||